01586nam a2200301 a 450000100100000000500170001000800410002704000250006808200170009324501060011026000330021630000370024949000160028650400320030259000260033465000470036065000450040770000290045271000970048183000250057891000370060395201310064095201300077195201300090195201150103195201210114699900170126700001656920200929164929.0100308s1978 dr ad 000 0 spa d aDO-SdBNPbspacBNPHU a613.2bS623a00aSituación alimentaria y nutricional en la República Dominicana /cpresentación Pedro J. Bona P. aSanto Domingo :bONE,c1978. a223 p. :bil., gráf. ;c23 cm.1 aPlandesv37 aBibliografía : p. 221-223 aInventariado, 2018/LP 4aNutriciónzRepública Dominicana910112 4aAlimentoszRepública Dominicana93683812aBona P., Pedro J.9368391 aRepública Dominicana.bSecretariado Técnico. Oficina Nacional de Planificación.936840 0aPlandes ;n37936841 aValidado. Control de calidad MFF 001054708DSaGRbGRcHDd2010-05-25iLF1l0o613.2 S623ap16569-30r2020-06-25te. 3w2020-06-25yLFDSZPréstamo en sala 001054708DSaGRbGRcHDd2011-05-04iLF1l0o613.2 S623ap16569-40r2020-06-25te. 4w2020-06-25yLFDSZPréstamo en sala 001054708DSaGRbGRcHDd2012-09-17iLF1l0o613.2 S623ap16569-60r2020-06-25te. 5w2020-06-25yLFDSZPréstamo en sala 0010718PDaPDbPDcHDd2010-03-08iLF1l0o613.2 S623ap16569-10r2020-06-25w2020-06-25yLFPDZNo se presta 0010718PDaPDbPDcHDd2010-03-08iLF1l0o613.2 S623ap16569-20r2020-06-25te. 2w2020-06-25yLFPDZNo se presta c16102d16102